To the Pacific and Arctic with Beechey: (Record no. 21526)

MARC details
000 -LEADER
fixed length control field 01262cam a2200361 4500
001 - CONTROL NUMBER
control field 3134398
003 - CONTROL NUMBER IDENTIFIER
control field BDDh-ASL
005 - DATE AND TIME OF LATEST TRANSACTION
control field 20231015030012.0
008 - FIXED-LENGTH DATA ELEMENTS--GENERAL INFORMATION
fixed length control field 740424s1973 enka b 001 0 eng
010 ## - LIBRARY OF CONGRESS CONTROL NUMBER
LC control number 72088616
015 ## - NATIONAL BIBLIOGRAPHY NUMBER
National bibliography number GB***
020 ## - INTERNATIONAL STANDARD BOOK NUMBER
International Standard Book Number 0521200792
040 ## - CATALOGING SOURCE
Original cataloging agency DLC
Transcribing agency DLC
Modifying agency DLC
-- BDDh-ASL
043 ## - GEOGRAPHIC AREA CODE
Geographic area code po-----
-- r------
050 00 - LIBRARY OF CONGRESS CALL NUMBER
Classification number G161
Item number .H2 no. 143
Classification number G650 1825
082 00 - DEWEY DECIMAL CLASSIFICATION NUMBER
Classification number 910.0916
Item number PAC
100 1# - MAIN ENTRY--PERSONAL NAME
Personal name Peard, George,
Dates associated with a name 1783-1837.
245 10 - TITLE STATEMENT
Title To the Pacific and Arctic with Beechey:
Remainder of title the journal of Lieutenant George Peard of H.M.S. Blossom, 1825-1828 /
Statement of responsibility, etc. Edited by Barry M. Gough.
260 ## - PUBLICATION, DISTRIBUTION, ETC.
Place of publication, distribution, etc. Cambridge :
Name of publisher, distributor, etc. Published for the Hakluyt Society at the University Press,
Date of publication, distribution, etc. 1973.
300 ## - PHYSICAL DESCRIPTION
Extent x, 272 p. :
Other physical details illus.
Dimensions 23 cm.
350 ## - PRICE (NR) (BK AM CF MU VM SE) [OBSOLETE]
Price £11.00 ($32.50 U.S.)
490 1# - SERIES STATEMENT
Series statement Works issued by the Hakluyt Society, 2d ser., no. 143
504 ## - BIBLIOGRAPHY, ETC. NOTE
Bibliography, etc. note Bibliography: p. 258-263.
600 10 - SUBJECT ADDED ENTRY--PERSONAL NAME
Personal name Beechey, Frederick William,
Dates associated with a name 1796-1856.
610 20 - SUBJECT ADDED ENTRY--CORPORATE NAME
Corporate name or jurisdiction name as entry element Blossom (Ship)
651 #0 - SUBJECT ADDED ENTRY--GEOGRAPHIC NAME
Geographic name Oceania.
651 #0 - SUBJECT ADDED ENTRY--GEOGRAPHIC NAME
Geographic name Arctic regions.
700 1# - ADDED ENTRY--PERSONAL NAME
Personal name Gough, Barry M.,
Relator term ed.
710 2# - ADDED ENTRY--CORPORATE NAME
Corporate name or jurisdiction name as entry element Hakluyt Society.
830 #0 - SERIES ADDED ENTRY--UNIFORM TITLE
Uniform title Works issued by the Hakluyt Society ;
Volume/sequential designation 2nd ser., no. 143.
906 ## - LOCAL DATA ELEMENT F, LDF (RLIN)
a 7
b cbc
c orignew
d 3
e opcn
f 19
g y-gencatlg
942 ## - ADDED ENTRY ELEMENTS (KOHA)
Source of classification or shelving scheme Dewey Decimal Classification
Koha item type Books
Holdings
Withdrawn status Lost status Source of classification or shelving scheme Damaged status Not for loan Collection code Home library Current library Shelving location Date acquired Source of acquisition Total Checkouts Full call number Barcode Date last seen Copy number Price effective from Koha item type Public note
    Dewey Decimal Classification     Non-fiction Asiatic Society Library Asiatic Society Library General Stacks 02/04/2021 ASB Library Collections   910.0916 PAC 105249 02/04/2021 C-1 02/04/2021 Books RARE

Powered by Koha